000 00465nam a2200157 i 4500
001 bg
100 1 _aRUMATOWSKI, Karol
245 0 _aOptymalizacja układów sterowania :
_bzadania /
_cK. Rumatowski, A. Królikowski, A. Kasiński.
260 _aWarszawa :
_bWydawnictwa Naukowo-Techniczne,
_c1984.
700 1 _aKRÓLIKOWSKI, Andrzej
700 1 _aKASIŃSKI, Andrzej
040 _cBPK
041 _apol
942 _cKS
008 s pl f |000 0 pol
999 _c2364
_d2364
856 _uhttp://koha.tu.koszalin.pl/cgi-bin/koha/opac-detail.pl?biblionumber=2364
_yKatalog online BPK